<?xml version="1.0" encoding="UTF-8"?>
<collection xmlns="http://www.loc.gov/MARC21/slim">
 <record>
  <leader>01040nam a22002295a 4500</leader>
  <controlfield tag="001">CEM.cems015870</controlfield>
  <controlfield tag="008">130507s1964##################000#0#####d</controlfield>
  <controlfield tag="005">20210825183155.0</controlfield>
  <controlfield tag="003">CEMS</controlfield>
  <datafield tag="245" ind1="1" ind2="0">
   <subfield code="a">La vaca, granjas lecheras. explotación y  administración /</subfield>
   <subfield code="c">W. C. Fishwick; e. Sánchez Saenz</subfield>
  </datafield>
  <datafield tag="260" ind1=" " ind2=" ">
   <subfield code="a">Madrid :</subfield>
   <subfield code="b">Tecnos,</subfield>
   <subfield code="c">1964</subfield>
  </datafield>
  <datafield tag="300" ind1=" " ind2=" ">
   <subfield code="a">450 p.</subfield>
  </datafield>
  <datafield tag="505" ind1="0" ind2=" ">
   <subfield code="a">La producción de leche en la actualidad -- Clasificación de la leche. Calidad de la misma -- La leche y sus productos -- Alimentación -- Buenos animales de raza lechera -- Cría y selección -- Cría de terneras de razas lecheras -- Salud y enfermedad -- Administración de granjas -- Explotación de fincas con ganado vacuno lechero</subfield>
  </datafield>
  <datafield tag="100" ind1="1" ind2=" ">
   <subfield code="a">Fishwick, W C</subfield>
  </datafield>
  <datafield tag="700" ind1="1" ind2=" ">
   <subfield code="a">Sánchez Saenz, E.</subfield>
  </datafield>
  <datafield tag="082" ind1="0" ind2="4">
   <subfield code="a">636.2</subfield>
  </datafield>
  <datafield tag="653" ind1=" " ind2=" ">
   <subfield code="a">Bovinos de leche</subfield>
  </datafield>
  <datafield tag="653" ind1=" " ind2=" ">
   <subfield code="a">Bovinos</subfield>
  </datafield>
  <datafield tag="653" ind1=" " ind2=" ">
   <subfield code="a">Bovinos-razas lecheras</subfield>
  </datafield>
  <datafield tag="653" ind1=" " ind2=" ">
   <subfield code="a">Ganadería</subfield>
  </datafield>
  <datafield tag="859" ind1=" " ind2=" ">
   <subfield code="a">CEMS</subfield>
   <subfield code="b">BIB. CEMS - Agricultura</subfield>
   <subfield code="h">636.2</subfield>
   <subfield code="i">F539</subfield>
   <subfield code="p">A4987.76</subfield>
   <subfield code="t">Ej.1</subfield>
  </datafield>
  <datafield tag="859" ind1=" " ind2=" ">
   <subfield code="a">CEMS</subfield>
   <subfield code="b">BIB. CEMS - Agricultura</subfield>
   <subfield code="h">636.2</subfield>
   <subfield code="i">F539</subfield>
   <subfield code="p">A5023.76</subfield>
   <subfield code="t">Ej.2</subfield>
  </datafield>
 </record>
</collection>
